Deutscher WM Kader 2022 - Statistiken

Allgemein
  • Dieses Quiz wurde 126 mal gespielt
  • Das Durchschnittsergebnis liegt bei 21 aus 27
Antwortstatistiken
Hint Antwort % Korrekt
TW Manuel Neuer
98%
TW Marc-Andre ter Stegen
94%
Bundestrainer Hansi Flick
94%
MIT Joshua Kimmich
93%
TW Kevin Trapp
92%
MIT Thomas Müller
90%
VER Antonio Rüdiger
89%
MIT Leroy Sane
86%
ANG Niclas Füllkrug
85%
VER Nico Schlotterbeck
85%
MIT Jamal Musiala
84%
MIT Serge Gnabry
84%
MIT Leon Goretzka
82%
VER Niklas Süle
79%
ANG Kai Havertz
78%
VER David Raum
76%
VER Matthias Ginter
70%
ANG Youssoufa Moukoko
70%
MIT Ilkay Gündogan
67%
VER Lukas Klostermann
66%
MIT Mario Götze
65%
VER Christian Günter
63%
MIT Julian Brandt
62%
VER Armel Bella - Kotchap
59%
VER Thilo Kehrer
58%
ANG Karim Adeyemi
54%
MIT Jonas Hofmann
52%
Keine übereinstimmenden Quizze gefunden
Verteilung der Resultate
Anzahl Personen mit jedem Resultat
Perzentil nach korrekt beantworteten Fragen
Ihre Resultats-Entwicklung
Sie haben dieses Quiz noch nicht gespielt